| 000 | 00724cam a2200253 a 4500 | ||
|---|---|---|---|
| 001 | 000009189 | ||
| 005 | 20200929161519.0 | ||
| 008 | 930615s1993 sp 000 f spa d | ||
| 020 | _a8420481033 | ||
| 040 |
_aDO-SdBNP _cAzU _dDLC |
||
| 082 |
_a863.64 _bA385e, 1993 |
||
| 100 | 1 |
_aAlfaya, Javier, _b1939- _923865 |
|
| 245 | 1 | 0 |
_aEminencia o la memoria fingida / _cJavier Alfaya. |
| 250 | _a2a ed. | ||
| 260 |
_aMadrid : _bAlfaguara, _cc1993. |
||
| 300 |
_a345 p. ; _c22 cm. |
||
| 490 | 1 |
_aAlfaguara hispánica _v98 |
|
| 650 | 4 |
_aN0vela española _923866 |
|
| 650 | 4 |
_aLiteratura española _9632 |
|
| 830 | 0 |
_aAlfaguara hispánica ; _v98 _94764 |
|
| 910 | _aCatalogación por copia / LC | ||
| 910 | _aWM | ||
| 049 | _aBNGR | ||
| 999 |
_c8952 _d8952 |
||